000 00631nam a2200241Ia 4500
003 OSt
005 20221005132509.0
006 a|||||r|||| 00| 0
007 ta
008 221004b |||||||| |||| 00| 0 eng d
024 _a54276
037 _cTextual
040 _aCRL
_cCRL
_beng
041 _2eng
_aeng
082 _aR14, J11-;1
100 _aSinclair William Angus
_9641225
245 0 _aTraditional formal logic
_b A short account for students.
250 _aEd. 5.
260 _c1951
650 _aPHILOSOPHY
942 _hR14, J11-;1
_cTEXL
_2cc
999 _c1063818
_d1063818